Normal view
MARC view
Entry Personal Name
001 - CONTROL NUMBER
- control field: 27347
003 - CONTROL NUMBER IDENTIFIER
- control field: ARRUPE
005 - DATE AND TIME OF LATEST TRANSACTION
- control field: 20161108111511.0
008 - FIXED-LENGTH DATA ELEMENTS
- fixed length control field: 161108|| aca||aabn | a|a d
040 ## - CATALOGING SOURCE
- Original cataloging agency: ARRUPE
- Transcribing agency: ARRUPE
100 ## - HEADING--PERSONAL NAME
- Personal name: World Council of Churches. Advisory Group of Economic Matters
670 ## - SOURCE DATA FOUND
- Source citation: Work cat.: (ARRUPE): World Council of Churches. Advisory Group of Economic Matters, Christian faith and the world economy today, 1992